Baldur's Gate 3 Waypoints - Statistics

General Stats
  • This quiz has been taken 16 times
  • The average score is 17 of 40
Answer Stats
Reigon Answer % Correct
Grymforge
88%
Goblin Camp
75%
Moonrise Towers
75%
The Risen Road
75%
Basilisk Gate
63%
Beach
63%
Emerald Grove Environs
63%
Last Light Inn
63%
Myconid Colony
63%
Baldur's Gate Rivington
63%
Road To Baldur's Gate
63%
Baldur's Gate
50%
Gauntlet of Shar
50%
Morphic Pool Dock
50%
Underdark Selunite Outpost
50%
Ancient Forge
38%
Blighted Village
38%
City Sewers
38%
Crèche Y'llek
38%
Grey Harbour Docks
38%
Lower City Central Wall
38%
Wilderness Overgrown Ruins
38%
Reithwin Town
38%
Roadside Cliffs
38%
South Span Of Wyrm's Crossing
38%
Sussur Tree
38%
Temple Of Bhaal
38%
Waukeen's Rest
38%
Wyrm's Rock
38%
Cazador's Dungeon
25%
Grand Mausoleum
25%
Heapside Strand
25%
Riverside Teahouse
25%
Shadow-Cursed Lands Shadowed Battlefield
25%
Mountain Pass Trielta Crags
25%
Undercity Ruins
25%
Rosymorn Monastery
13%
Verge of the Shadows
13%
Whispering Depths
13%
Zhentarim Hideout
13%
No matching quizzes found
Score Distribution
Percent of People with Each Score
Percentile by Number Answered
Your Score History
You have not taken this quiz